Представление документа в формате RUSMARC

ПолеНазваниеЗначение
  Тип записи a
  Библиографический уровень m
001 Контрольный номер RU/УОНБ/EK/506603752
005 Дата корректировки 20241101133203.5
010 Индекс ISBN __
a ISBN 978-5-88018-576-4
d Цена 80 р.
9 Тираж 300 экз.
b Уточнения в пер.
100 Данные общей обработки __
a Данные общей обработки 20160120d2015 u y0rusy0189||||ca
101 Язык документа 0_
a Язык текста rus
102 Страна публикации __
a Страна публикации RU
105 Кодированные данные (монография) __
a Кодированные данные (монография) c z 001yb
200 Заглавие и сведения об ответственности 1_
a Заглавие Вып. 2
f Первые сведения об ответственности [отв. ред. В.В. Ильин, О.А. Новикова]
210 Выходные данные __
d Дата издания 2015
215 Физическое описание __
a Объем 254 с.
c Иллюстрации/тип воспроизводства ил., портр.
300 Общие примечания __
a Общие примечания 70-летию Победы в Великой Отечественной войне и 105-летию со дня рождения А.Т. Твардовского посвящается
320 Библиография __
a Библиография Библиогр. в примеч.
461 Уровень набора _0
1 001RU/УОНБ/EK/506603071
1 2001
a А.Т. Твардовский: исследования и материалы
e сб. науч. тр.
f М-во образования и науки РФ, Смол. гос. ун-т, Смол. центр изучения творчества А.Т. Твардовского
v Вып. 2
1 2101
a Смоленск
c СмолГУ
d 2010 -
600 Персоналии __
a Персоналии (Фамилия) Твардовский, Александр Трифонович
606 Тематические рубрики 0_
a Основная рубрика Русская литература
z Хронологическая подрубрика 20 в.
610 Ключевые слова 0_
a Ключевые слова Твардовский А.Т.
686 Индексы других классификаций __
a Классификационный индекс 83.3(2=Рус)6-8
2 Код системы rubbk
702 Вторичная интеллектуальная ответственность _1
a Фамилия Ильин
b Имя (инициалы) В.В.
4 Код отношения 340
702 Вторичная интеллектуальная ответственность _1
a Фамилия Новикова
b Имя (инициалы) О.А.
4 Код отношения 340
801 Источник записи _0
a Страна RU
b Организация Ульяновская ОНБ
c Дата составления 20160120
g Правила каталогизации RCR
801 Источник записи _1
a Страна RU
b Организация Ульяновская ОНБ
c Дата составления 20160120
g Правила каталогизации RCR
901 Тип документа __
t Тип документа n
w Контрольный № источника RU/УОНБ/EK/506603071
909 Создатель записи __
a Создатель записи Мейснер
b Дата создания записи 20160316
938 Служебная информация __
a Имя БД books
b Имя библиотеки УОНБ
c Имя АИБС МАРК-SQL
d Номер DOC_ID в БД 320902